000 00377pab a2200157 454500
008 180718b1998 xxu||||| |||| 00| 0 eng d
100 _aDhanjal, Gursharan
245 _aCosts of a credible nuclear defence
260 _c1998
300 _ap.21-22
362 _a6 Jun
650 _aNuclear explosions
650 _aNuclear weapons
773 _aMainstream
909 _a37380
999 _c37380
_d37380